Diccionario de jurisprudencia hipotecaria de España (Record no. 160888)

MARC details
000 -LEADER
campo de control de longitud fija 00790nam a22001575i 4500
001 - NÚMERO DE CONTROL
campo de control 160888
003 - IDENTIFICADOR DE NÚMERO DE CONTROL
campo de control ES-MaACL
005 - FECHA Y HORA DE LA ÚLTIMA TRANSACCIÓN
campo de control 20230906212140.0
008 - DATOS DE LONGITUD FIJA--INFORMACIÓN GENERAL
campo de control de longitud fija 970827s1887 sp |||| | spa d
040 ## - FUENTE DE CATALOGACIÓN
Centro catalogador/agencia de origen CLM
Lengua de catalogación spa
Centro/agencia transcriptor CLM
100 1# - ENTRADA PRINCIPAL--NOMBRE DE PERSONA
Nombre de persona Odriozola y Grimaud, Carlos.
9 (RLIN) 86539
245 10 - MENCIÓN DEL TÍTULO
Título Diccionario de jurisprudencia hipotecaria de España
Resto del título : con referencia á las leyes, reglamentos, reales decretos, reales órdenes, órdenes, circulares y resoluciones de la Direccion General del Registro de la Propiedad, y sentencias del Tribunal Supremo de Justicia dictadas sobre dicha materia /
Mención de responsabilidad, etc. formado por Carlos Odriozola y Grimaud.
260 ## - PUBLICACIÓN, DISTRIBUCIÓN, ETC.
Lugar de publicación, distribución, etc. Madrid :
Nombre del editor, distribuidor, etc. [s.n.],
Fecha de publicación, distribución, etc. 1887 (
Fabricante Tipografía de los Huérfanos)
300 ## - DESCRIPCIÓN FÍSICA
Extensión 670 p. ;
Dimensiones 23 cm.
852 ## - LOCALIZACIÓN
Ubicación ES-MaACL
Número de control de estantería B-5621
Nota libre -- Enc. pasta española
Holdings
Estatus retirado Estado de pérdida Estado de daño No para préstamo Colección Biblioteca de origen Biblioteca actual Ubicación en estantería Fecha de adquisición Fuente de adquisición Total de préstamos Signatura topográfica completa Código de barras Visto por última vez Precio de reemplazo Tipo de ítem Koha
        Colección de referencia Biblioteca del Ateneo de Madrid Biblioteca del Ateneo de Madrid Sala Pardo Bazán 17/01/2008     B-5621 1168487 23/02/2023 23/02/2023 Libro impreso antiguo